SAND AND FOAM (Record no. 216798)
[ view plain ]
| 000 -LEADER | |
|---|---|
| fixed length control field | 00401nam a22001577a 4500 |
| 008 - FIXED-LENGTH DATA ELEMENTS--GENERAL INFORMATION | |
| fixed length control field | 260306b |||||||| |||| 00| 0 eng d |
| 020 ## - INTERNATIONAL STANDARD BOOK NUMBER | |
| International Standard Book Number | 978-93-57270-31-1 |
| 050 ## - LIBRARY OF CONGRESS CALL NUMBER | |
| Classification number | PS 3513 .I25 G53 2022 |
| Item number | 1 |
| 100 ## - MAIN ENTRY--PERSONAL NAME | |
| Personal name | GIBRAN,KAHLIL |
| 245 ## - TITLE STATEMENT | |
| Title | SAND AND FOAM |
| 260 ## - PUBLICATION, DISTRIBUTION, ETC. | |
| Place of publication, distribution, etc. | DARYAGANJ, |
| Name of publisher, distributor, etc. | DOUBLE 9 BOOKS |
| Date of publication, distribution, etc. | 2022 |
| 300 ## - PHYSICAL DESCRIPTION | |
| Extent | 34P;ILL |
| 650 ## - SUBJECT ADDED ENTRY | |
| Topical term or geographic name entry element | SAND AND FOAM |
| 942 ## - ADDED ENTRY ELEMENTS (KOHA) | |
| Source of classification or shelving scheme | Library of Congress Classification |
| Koha item type | Long Loan Book |
| Withdrawn status | Lost status | Source of classification or shelving scheme | Damaged status | Not for loan | Collection | Home library | Current library | Shelving location | Date acquired | Inventory number | Total checkouts | Full call number | Barcode | Date last seen | Copy number | Price effective from | Koha item type |
|---|---|---|---|---|---|---|---|---|---|---|---|---|---|---|---|---|---|
| Library of Congress Classification | Arts & Social Sciences | Kisii University Library | Kisii University Library | On Display | 03/06/2026 | 111984 | PS 3513 .I25 G53 2019 | a001179 | 03/06/2026 | 1 | 03/06/2026 | Long Loan Book | |||||
| Library of Congress Classification | Arts & Social Sciences | Kisii University Library | Kisii University Library | On Display | 03/06/2026 | 111985 | PS 3513 .I25 G53 2019 | a001182 | 03/06/2026 | 2 | 03/06/2026 | Long Loan Book | |||||
| Library of Congress Classification | Arts & Social Sciences | Kisii University Library | Kisii University Library | On Display | 03/06/2026 | 111986 | PS 3513 .I25 G53 2019 | a001181 | 03/06/2026 | 3 | 03/06/2026 | Long Loan Book | |||||
| Library of Congress Classification | Arts & Social Sciences | Kisii University Library | Kisii University Library | On Display | 03/06/2026 | 111987 | PS 3513 .I25 G53 2019 | a001090 | 03/06/2026 | 4 | 03/06/2026 | Long Loan Book |